| 000 | 00745nam a2200265Ia 4500 | ||
|---|---|---|---|
| 003 | OSt | ||
| 005 | 20220918212134.0 | ||
| 006 | a|||||r|||| 00| 0 | ||
| 007 | ta | ||
| 008 | 220917b |||||||| |||| 00| 0 eng d | ||
| 024 | _a127,402 | ||
| 037 | _cTextual | ||
| 040 |
_aARTS _cARTS _beng |
||
| 041 |
_2eng _aeng |
||
| 082 | _aX0gW.6, M5 | ||
| 100 |
_aSandbrook Richard _9122618 |
||
| 245 | 0 | _aPolitics of Africa's economic stagnation | |
| 260 |
_aCambridge _bCambridge University Press _c1985 |
||
| 300 |
_axiii,180p. _ccm. |
||
| 490 | _aAfrican society today | ||
| 650 | _aECONOMICS | ||
| 700 |
_a Baker Judith _9122619 |
||
| 942 |
_hX0gW.6, M5 _cTEXL _2CC |
||
| 999 |
_c250544 _d250544 |
||